000 00685nam a2200265Ia 4500
001 16394
005 20240113235710.0
007 ta
008 051217s a g b000 u 465 u
040 _aCotton College,Assam
041 _a465
082 _a525
_bL 578 Or
100 _aLevin, B.Y. .
245 0 _aOrigin of the Earth and Planets /
_cB.Y.Levin.
_hTextual Documents
250 _a1st ed. /
260 _aMoscow :
_bForeign Languages Publishing House ,
_cNd.
300 _a90p. :
_bill ;
_c21cm .
653 _aAstronomy
653 _aEarth
653 _aPlanets
653 _aG-Mathematics
942 _2ddc
_cBK
999 _c16376
_d16376